Deutsche Musiker nach Buchstabe - H - Statistiken

Allgemein
  • Dieses Quiz wurde 207 mal gespielt
    132 seit der letzten Aktualisierung
  • Das Durchschnittsergebnis liegt bei 6 aus 20
Antwortstatistiken
Aktive Jahre Songs Antwort % Korrekt
1982- Du hast den Farbfilm vergessen | Seemann Hagen, Nina
82%
1961- Blau blüht der Enzian | In einer Bar in Mexico Heino
70%
1972- Viva Colonia | Wenn nicht jetzt, wann dann? Höhner
68%
1991- Guildo hat euch lieb! | Ich find Schlager toll Horn, Guildo
65%
2010- Chabos wissen wer der Babo ist | Conan x Xenia Haftbefehl
58%
1955–1988 Ich will keine Schokolade | Niemals geht man so ganz Herr, Trude
45%
1961- Tränen lügen nicht | Mendocino Holm, Michael
45%
1976- Du, die Wanne ist voll | Tierischer Tango Hallervorden, Dieter
36%
1977-1984 Himbeereis zum Frühstück | Rücksicht Hoffmann & Hoffmann
20%
1974-1990 Tanze Samba mit mir | Nie mehr allein sein Holiday, Tony
17%
2004-2010, 2011- Veo Veo | Que Si, Que No Hot Banditoz
16%
1998- Cowboy und Indianer | Ibiza Henning, Olaf
12%
1982- Bayern | Lang scho nimmer g’sehn Haindling
11%
2019- High | Kein Schlaf Hava
6%
1958-2016 Moonlight | Ich bin ein Mann Herold, Ted
6%
1990- Countdown To Insanity | Ring Of Fire H-Blockx
4%
1984- I Want Out | Dr. Stein Helloween
3%
2016- Dance mit de Gänse | Tinkerbell Holy Santa Barbara, the
3%
1995- Endzeit | Black Tears Heaven Shall Burn
2%
1951-1959 Jim, Jonny und Jonas | Am Weißen Strand von Soerabaya Hula Hawaiian Quartett
1%
Keine übereinstimmenden Quizze gefunden
Verteilung der Resultate
Anzahl Personen mit jedem Resultat
Perzentil nach korrekt beantworteten Fragen
Ihre Resultats-Entwicklung
Sie haben dieses Quiz seit der letzten Aktualisierung nicht gespielt